MARC details
| 000 -CABECERA |
| campo de control de longitud fija |
00840nam a2200241 a 4500 |
| 005 - FECHA Y HORA DE LA ÚLTIMA TRANSACCIÓN |
| campo de control |
20250408063822.0 |
| 008 - ELEMENTOS DE LONGITUD FIJA--INFORMACIÓN GENERAL |
| campo de control de longitud fija |
030610s1979 mx r 000 0 spa d |
| 035 ## - NÚMERO DE CONTROL DEL SISTEMA |
| Número de control de sistema |
UPN01000125302 |
| 049 ## - COLECCIÓN |
| Colección |
CG |
| 050 #4 - SIGNATURA TOPOGRÁFICA DE LA BIBLIOTECA DEL CONGRESO |
| Número de clasificación |
LB1027 |
| Número de documento/Ítem |
C3.26 |
| 100 1# - ASIENTO PRINCIPAL--NOMBRE PERSONAL |
| Nombre de persona |
Cardenás Falcón, Luis Gerardo |
| 245 13 - MENCIÓN DE TÍTULO |
| Título |
Un método de autoformación participante, o, El método Desroche / |
| Mención de responsabilidad, etc. |
Luis Gerardo Cárdenas Falcón, Francisco Basili Domínguez. |
| 260 ## - PUBLICACIÓN, DISTRIBUCIÓN, ETC. |
| Lugar de publicación, distribución, etc. |
Lima : |
| Nombre del editor, distribuidor, etc. |
Instituto Peruano de Economía Social, |
| Fecha de publicación, distribución, etc. |
[1979?]. |
| 300 ## - DESCRIPCIÓN FÍSICA |
| Extensión |
76 p. : |
| Otras características físicas |
il. |
| 500 ## - NOTA GENERAL |
| Nota general |
Datos tomados de la cubierta |
| 650 #4 - ASIENTO SECUNDARIO DE MATERIA - TERMINO TEMATICO |
| Término de materia o nombre geográfico como elemento de entrada |
Método de educación de Desroche |
| 9 (RLIN) |
4609 |
| 650 #4 - ASIENTO SECUNDARIO DE MATERIA - TERMINO TEMATICO |
| Término de materia o nombre geográfico como elemento de entrada |
Autoeducación |
| 9 (RLIN) |
2905 |
| 650 #4 - ASIENTO SECUNDARIO DE MATERIA - TERMINO TEMATICO |
| Término de materia o nombre geográfico como elemento de entrada |
Prácticas de la enseñanza |
| 9 (RLIN) |
2849 |
| 700 1# - ASIENTO SECUNDARIO--NOMBRE DE PERSONAL |
| Nombre de persona |
Basili Domínguez, Francisco, |
| Término indicativo de función/relación |
coaut. |
| 740 3# - ASIENTO SECUNDARIO - TÍTULOS RELACIONADOS /ANALITICOS NO CONTROLADOS |
| Título relacionado o analítico no controlado |
El método Desroche |
| 905 ## - TIPO DE MATERIAL |
| Tipo de material |
Libro |